| 000 | 00000nas##2200000za#4500 |
| 001 | 9.514167 |
| 003 | CaOODSP |
| 005 | 20200331212804 |
| 007 | ta |
| 008 | 150406c2002||||xxc|| p #||||f| |0eng|d |
| 022 | |a1496-9696 |
| 040 | |aCaOODSP|beng |
| 043 | |an-cn--- |
| 086 | 1 |aA27-23E |
| 110 | 1 |aCanada.|bAgriculture and Agri-Food Canada. |bStrategic Policy Branch. |
| 245 | 10|aCanada : |bspecial crops outlook / |cPublished by the Market Analysis Division, Strategic Policy Branch, Agriculture and Agri-Food Canada. |
| 260 | |aWinnipeg - Manitoba : |bAgriculture and Agri-Food Canada. |
| 310 | |aMonthly |
| 500 | |aIncludes: Canada: supply and disposition for special crops. |
| 563 | |aPamphlet |
| 775 | 08|tCanada : |w(CaOODSP)9.512597 |
| 776 | 0#|tCanada : |w(CaOODSP)9.505710 |